000 01839cam a2200409 i 4500
999 _c29319
_d29290
001 20490446
003 EG-ScBUE
005 20210804113349.0
008 180508s2019 paua f d 001 0 eng d
020 _a9781496382405
020 _a1496382404
035 _a(DNLM)101726886
040 _aDNLM/DLC
_beng
_erda
_cDLC
_dDLC
_dEG-ScBUE
082 0 4 _a612.8
_bSIE
_222
100 1 _aSiegel, Allan,
_d1939-
_eauthor.
245 1 0 _aEssential neuroscience /
_cAllan Siegel, PhD, professor emeritus, Department of Pharmacology, Physiology and Neuroscience, Department of Psychiatry, Rutgers University, Rutgers New Jersey Medical School, Newark, New Jersey, Hreday N. Sapru, PhD, Professor, Department of Neurological Surgery, Department Pharmacology, Physiology and Neurscience, Rutgers University, Rutgers New Jersey Medical School, Newark, New Jersey ; case histories written by Heidi E. Siegel, MD.
250 _aFourth edition.
264 1 _aPhiladelphia :
_bWolters Kluwer,
_c[2019]
264 4 _cc2019
300 _a1 volume (various pagings) :
_billustrations ;
_c28 cm
336 _atext
_2rdacontent
_btxt
337 _aunmediated
_2rdamedia
_bn
338 _avolume
_2rdacarrier
_bnc
500 _aIncludes index.
500 _aIncludes glossary.
650 7 _aNeurosciences
_xOutlines, syllabi, etc.
_2BUEsh
650 7 _aMental Disorders
_xphysiopathology.
_2BUEsh
650 2 _aNervous System Physiological Phenomena.
_2BUEsh
_939373
653 _bGGEN
_cAugust2021
655 _vReading book
_934232
700 1 _aSapru, Hreday N.,
_eauthor.
700 1 _aSiegel, Heidi,
_eCommentator for written text
906 _a7
_bcbc
_corignew
_d1
_eecip
_f20
_gy-gencatlg
942 _2ddc
_cBB